Monarchies d'Europe - Mort subite - Statistiques

Statistiques générales
  • Ce quiz a été pris 225 fois
  • Le résultat moyen est 7 sur 11
Answers on the Grid
Answers color-coded by a green-red scale on the quiz's grid according to % correct below.
Albanie
Autriche
Belgique
Bulgarie
Vatican
Croatie
Danemark
Finlande
France
Allemagne
Grèce
Italie
Liechtenstein
Lituanie
Luxembourg
Monaco
Norvège
Pays-Bas
Pologne
Royaume-Uni
Tchéquie
Roumanie
Saint-Marin
Serbie
Slovaquie
Slovénie
Espagne
Suède
Suisse
Hongrie
 
Statistiques - réponses
Réponse % Correct
Espagne
80%
Monaco
80%
Royaume-Uni
80%
Belgique
76%
Danemark
67%
Pays-Bas
64%
Suède
64%
Luxembourg
62%
Norvège
61%
Liechtenstein
52%
Vatican
49%
Aucun quiz correspondant
Distribution des résultats
% des personnes avec chaque résultat
Percentile par nombre de réponses
Votre historique - résultats
Vous n’avez pas pris ce quiz